[Event "Riga Tech Open A 2018"]
[Site "Riga LAT"]
[Date "2018.08.10"]
[Round "7.11"]
[White "Ruiz Castillo, Joshua Daniel"]
[Black "Dragnev, Valentin"]
[Result "1/2-1/2"]
[WhiteTitle "IM"]
[BlackTitle "GM"]
[WhiteElo "2415"]
[BlackElo "2509"]
[WhiteFideId "4400704"]
[BlackFideId "1634852"]
[EventDate "2018.08.06"]

1. e4 c5 2. Nf3 e6 3. d4 cxd4 4. Nxd4 Nc6 5. Nc3 Qc7 6. g3 a6 7. Bg2 Nf6 8. O-O
h5 9. Bg5 Bc5 10. Nb3 Ba7 11. Qe2 Ne5 12. Rad1 h4 13. Be3 hxg3 14. hxg3 b5 15.
Bxa7 Qxa7 16. Nd4 Bb7 17. Nf3 Nfg4 18. Nxe5 Nxe5 19. Qd2 f6 20. Ne2 Rd8 21. c3
Qa8 22. Qd4 Kf7 23. Nf4 g5 24. Nd3 d6 25. Nxe5+ dxe5 26. Qe3 Qc8 27. Qb6 Rd7 28.
Bf3 Rhd8 29. Rxd7+ Rxd7 30. Bh5+ Ke7 31. Re1 Rd6 32. Qa7 Qc7 33. Rd1 Qb6 34. Qb8
Rxd1+ 35. Bxd1 Qc6 36. Bh5 Qc8 37. Qxc8 Bxc8 38. Be2 Bb7 39. Bd3 Kd6 40. Kf1 Kc5
41. b4+ Kd6 42. Ke2 Bc6 43. Ke3 Ke7 44. c4 Bd7 45. Kd2 Bc6 46. Kc3 Kd6 47. a4
bxc4 48. Bc2 f5 49. Kxc4 fxe4 50. Kc3 Kd5 51. Bb3+ Kd6 52. Kd2 Bd5 53. Bc2 Bc6
54. Ke3 Kc7 55. a5 Kd6 56. Bxe4 Bd7 57. Kf3 Ke7 58. Bd3 Bc8 59. Kg4 Kf6 60. f3
Bb7 61. Be4 Bc8 62. Kh5 Bd7 63. Bd3 Bc8 64. Kh6 Bb7 65. Be4 Bc8 66. Bc6 Kf5 67.
g4+ Kf6 68. Kh5 e4 69. fxe4 e5 70. Kh6 Bxg4 71. b5 Bc8 72. Kh5 axb5 73. Bxb5 g4
74. Kh4 Ke7 75. Be2 Kd6 76. Bxg4 Bb7 77. Bf3 Kc5 78. Kg5 Kb5 79. Kf5 Kxa5 80.
Kxe5 Bxe4 81. Bxe4 1/2-1/2

[Event "Riga Tech Open A 2018"]
[Site "Riga LAT"]
[Date "2018.08.10"]
[Round "7.12"]
[White "Kreisl, Robert"]
[Black "Kaczur, Florian"]
[Result "1-0"]
[WhiteTitle "IM"]
[BlackTitle "IM"]
[WhiteElo "2404"]
[BlackElo "2482"]
[WhiteFideId "1613880"]
[BlackFideId "705098"]
[EventDate "2018.08.06"]

1. c4 e6 2. Nc3 d5 3. d4 Be7 4. cxd5 exd5 5. Bf4 c6 6. e3 Bf5 7. Nge2 Nf6 8. Ng3
Bg6 9. h4 h5 10. Bd3 Bxd3 11. Qxd3 g6 12. f3 Nbd7 13. O-O-O Qa5 14. Kb1 O-O 15.
e4 dxe4 16. Ngxe4 Rad8 17. Qc2 Rfe8 18. Bg5 b5 19. d5 cxd5 20. Nxd5 Nxd5 21.
Rxd5 Rc8 22. Qe2 Nc5 23. Rxc5 Bxc5 24. Nf6+ Kh8 25. Nxe8 Bd4 26. Qe7 Kg8 27.
Nf6+ Bxf6 28. Qxf6 Qa4 29. Bh6 Qc2+ 30. Ka1 1-0

[Event "Riga Tech Open A 2018"]
[Site "Riga LAT"]
[Date "2018.08.10"]
[Round "7.13"]
[White "Laurusas, Tomas"]
[Black "Krupenski, Juri"]
[Result "1/2-1/2"]
[WhiteTitle "IM"]
[BlackTitle "IM"]
[WhiteElo "2463"]
[BlackElo "2390"]
[WhiteFideId "12803731"]
[BlackFideId "4501101"]
[EventDate "2018.08.06"]

1. d4 Nf6 2. c4 e6 3. Nf3 Bb4+ 4. Nbd2 O-O 5. a3 Be7 6. e4 d6 7. Qc2 Nbd7 8. Be2
c5 9. d5 Ng4 10. O-O Nge5 11. Ne1 Nb6 12. Nd3 Nxd3 13. Bxd3 e5 14. b4 Nd7 15.
Nf3 b6 16. Bd2 Qc7 17. Rfb1 Ba6 18. Be2 Rfc8 19. Rc1 Qd8 20. Qb3 g6 21. Bd3 Kg7
22. Ra2 Rc7 23. Qd1 Rac8 24. b5 Bb7 25. a4 Rb8 26. a5 Bc8 27. Rca1 Nf6 28. h3
Nh5 29. Qc1 Kh8 30. Be2 Ng7 31. Ng5 Kg8 32. f4 Bf6 33. axb6 axb6 34. Ra8 Bd7 35.
Rxb8 Qxb8 36. Bc3 Bxg5 37. fxg5 Ra7 38. Rb1 Ra2 39. Bd1 Qc8 40. g4 Ne8 41. Bb2
Qd8 42. Bb3 Ra7 43. Qe3 Bc8 44. Rf1 Qe7 45. Rf2 Bd7 46. Kg2 Bc8 47. Kf1 Bd7 48.
Ke1 Bc8 49. Kd1 Bd7 50. Kc1 Bc8 51. Kb1 Bd7 52. Bd1 Bc8 53. Bc1 Ra8 54. Bb2 Qa7
55. Kc1 Qe7 56. h4 Ra7 57. Qg3 Ra8 58. Rf3 Ra5 59. Kb1 Ra8 60. Bc1 Ra5 61. Bd2
Ra8 62. Ra3 Rxa3 63. Qxa3 Qb7 64. Kb2 Qb8 65. Bf3 Nc7 66. Bd1 Ne8 67. Bc3 Kf8
68. h5 Kg8 69. Kc1 Kf8 70. Qa2 Kg8 71. Kc2 Kf8 72. Kd3 Kg8 73. Ke3 Bd7 74. Kf2
Bc8 75. Kg3 Bd7 76. Qa4 Bc8 77. Kh4 Bd7 78. h6 Bc8 79. Kg3 Kf8 80. Kf2 Ke7 81.
Ke1 Kd8 82. Kd2 Bd7 83. Qa1 Ke7 84. Be2 Bc8 85. Kd3 Bd7 86. Qf1 Bc8 87. Qg2 Bd7
88. Qh1 Bc8 89. Qa1 Bd7 1/2-1/2

[Event "Riga Tech Open A 2018"]
[Site "Riga LAT"]
[Date "2018.08.10"]
[Round "7.14"]
[White "Quillan, Gary"]
[Black "Pultinevicius, Paulius"]
[Result "0-1"]
[WhiteTitle "IM"]
[BlackTitle "IM"]
[WhiteElo "2349"]
[BlackElo "2452"]
[WhiteFideId "401153"]
[BlackFideId "12809390"]
[EventDate "2018.08.06"]

1. e4 e5 2. Nf3 Nc6 3. Bb5 a6 4. Ba4 Nf6 5. O-O Be7 6. Re1 b5 7. Bb3 d6 8. c3
O-O 9. d4 Bg4 10. d5 Na5 11. Bc2 Qc8 12. h3 Bd7 13. Nbd2 c6 14. dxc6 Qxc6 15.
Nf1 Nc4 16. a4 Rfc8 17. Ng3 Bd8 18. Nf5 Bxf5 19. exf5 h6 20. Qe2 Bc7 21. Nh2 d5
22. Ng4 e4 23. Be3 Nxg4 24. Qxg4 Be5 25. Ra2 b4 26. Bd4 Bxd4 27. cxd4 Na5 28.
Bb1 Qf6 29. Rd1 Nb3 30. f3 Rc1 0-1

[Event "Riga Tech Open A 2018"]
[Site "Riga LAT"]
[Date "2018.08.10"]
[Round "7.15"]
[White "Stocek, Jiri"]
[Black "Krivonosov, Oleg"]
[Result "1-0"]
[WhiteTitle "GM"]
[BlackTitle "IM"]
[WhiteElo "2582"]
[BlackElo "2386"]
[WhiteFideId "304760"]
[BlackFideId "11600349"]
[EventDate "2018.08.06"]

1. c4 e6 2. g3 d5 3. Bg2 Nf6 4. Nf3 dxc4 5. O-O Nbd7 6. Na3 Bxa3 7. bxa3 Nb6 8.
Bb2 Bd7 9. Ne5 Ba4 10. Qc1 c6 11. Nxc4 Nxc4 12. Qxc4 Bb5 13. Qc5 Qe7 14. Qe3 Nd5
15. Qf3 O-O 16. a4 Ba6 17. Rfc1 Rfd8 18. Rab1 e5 19. d3 f6 20. Qg4 Nc7 21. Be4
Ne6 22. f4 Nc5 23. Ba3 b6 24. Bxc6 Rac8 25. Be4 Qd6 26. Kg2 Rc7 27. a5 Rf8 28.
axb6 axb6 29. fxe5 fxe5 30. Rf1 Rcf7 31. Rxf7 Rxf7 32. Bf3 g6 33. Qb4 Rf6 34.
Qc3 Re6 35. Rc1 1-0

[Event "Riga Tech Open A 2018"]
[Site "Riga LAT"]
[Date "2018.08.10"]
[Round "7.16"]
[White "Zakhartsov, Viacheslav V."]
[Black "Seyb, Alexander"]
[Result "1/2-1/2"]
[WhiteTitle "GM"]
[BlackTitle "IM"]
[WhiteElo "2544"]
[BlackElo "2383"]
[WhiteFideId "4115333"]
[BlackFideId "4699033"]
[EventDate "2018.08.06"]

1. Nf3 Nf6 2. c4 c5 3. Nc3 d5 4. cxd5 Nxd5 5. e3 Nc6 6. Bb5 Nxc3 7. bxc3 Qc7 8.
d4 cxd4 9. exd4 a6 10. Ba4 e6 11. O-O Be7 12. Qd3 Bd7 13. Qe4 O-O 14. Bf4 Qa5
15. Bc2 g6 16. c4 Bf6 17. Rab1 Ne7 18. Be5 Bc6 19. Qf4 Bxe5 20. Nxe5 Kg7 21. Ng4
Ng8 22. Bb3 Rad8 23. Rbd1 Qf5 24. Qxf5 gxf5 25. Ne5 Ne7 26. Rfe1 Kf6 27. f3 b5
28. Nxc6 Nxc6 29. cxb5 axb5 30. d5 exd5 31. Bxd5 Rd6 32. Bxc6 Rxc6 33. Re2 Ra8
34. Rd5 Rc1+ 35. Kf2 Ra1 36. Rxb5 1/2-1/2

[Event "Riga Tech Open A 2018"]
[Site "Riga LAT"]
[Date "2018.08.10"]
[Round "7.17"]
[White "Hansen, Mads"]
[Black "Praggnanandhaa, R"]
[Result "1-0"]
[WhiteTitle "IM"]
[BlackTitle "IM"]
[WhiteElo "2387"]
[BlackElo "2532"]
[WhiteFideId "1401610"]
[BlackFideId "25059530"]
[EventDate "2018.08.06"]

1. e4 c5 2. Nf3 e6 3. d4 cxd4 4. Nxd4 a6 5. c4 Nf6 6. Nc3 Qc7 7. Bd3 Nc6 8. Nxc6
dxc6 9. O-O Bc5 10. Qf3 e5 11. Bg5 Qe7 12. Rac1 Be6 13. a3 a5 14. Na4 Bd4 15. c5
h6 16. Be3 Rd8 17. Nc3 Bxe3 18. Qxe3 Ng4 19. Qg3 Qg5 20. Be2 Nf6 21. Rfd1 Ke7
22. b4 axb4 23. axb4 Qxg3 24. hxg3 Rxd1+ 25. Rxd1 Ra8 26. f4 Ra3 27. Rc1 g6 28.
Bf3 g5 29. b5 Bc4 30. fxe5 Nd7 31. Nd5+ cxd5 32. exd5 Nxe5 33. d6+ Kd7 34. Bxb7
Bxb5 35. Be4 Re3 36. Bf5+ Kc6 37. g4 Re2 38. Rc3 f6 39. Kh1 Re1+ 40. Kh2 Re2 41.
Kg1 Nd7 42. Bxd7+ Kxd7 43. Rf3 Ke6 44. Rb3 Bc6 45. Rb6 Kd7 46. Ra6 Rxg2+ 1-0

[Event "Riga Tech Open A 2018"]
[Site "Riga LAT"]
[Date "2018.08.10"]
[Round "7.18"]
[White "Lobanov, Sergei"]
[Black "Jackson, James P"]
[Result "1-0"]
[WhiteTitle "IM"]
[BlackTitle "FM"]
[WhiteElo "2531"]
[BlackElo "2380"]
[WhiteFideId "24183750"]
[BlackFideId "416860"]
[EventDate "2018.08.06"]

1. Nf3 d5 2. g3 Nf6 3. Bg2 e6 4. O-O c5 5. d4 Nc6 6. c4 Be7 7. dxc5 Bxc5 8. cxd5
exd5 9. Bg5 O-O 10. Nc3 d4 11. Ne4 Be7 12. Bxf6 Bxf6 13. b4 a6 14. a4 Nxb4 15.
Nxf6+ Qxf6 16. Qxd4 Qxd4 17. Nxd4 a5 18. Rfc1 Rb8 19. Rc7 b6 20. Rac1 Rd8 21.
Nc6 Nxc6 22. Bxc6 Be6 23. f4 g6 24. Bb5 Rbc8 25. Kf2 Rxc7 26. Rxc7 Rd6 27. Ke3
Kg7 28. Ke4 Kf6 29. Kf3 Kg7 30. e4 h5 31. Ke3 Bb3 32. Rb7 Rd1 33. Rxb6 Re1+ 34.
Kd4 Ra1 35. Kc3 Be6 36. Bc6 Rh1 37. Rb2 Rc1+ 38. Rc2 Rb1 39. Rb2 Rc1+ 40. Rc2
Rb1 41. Kd4 Kf6 42. Kc5 Rb4 43. e5+ Kf5 44. Bb5 g5 45. fxg5 Kxg5 46. Kb6 Bb3 47.
Rb2 Bxa4 48. Rxb4 axb4 49. Bxa4 Kf5 50. Kc5 Kxe5 51. Kxb4 Ke4 52. Kc5 h4 53. Bd1
Ke5 54. Kc6 Ke6 55. Kc5 Ke5 56. Kc6 Ke6 57. Kc7 Ke7 58. Kc8 Ke8 59. g4 h3 60.
Bc2 1-0

[Event "Riga Tech Open A 2018"]
[Site "Riga LAT"]
[Date "2018.08.10"]
[Round "7.19"]
[White "Annaberdiev, Meilis"]
[Black "Sirosh, Ilja"]
[Result "1-0"]
[WhiteTitle "IM"]
[BlackTitle "FM"]
[WhiteElo "2509"]
[BlackElo "2372"]
[WhiteFideId "14000563"]
[BlackFideId "4500458"]
[EventDate "2018.08.06"]

1. e4 e5 2. Nf3 Nc6 3. Bc4 Bc5 4. d3 Nf6 5. Bg5 h6 6. Bh4 Be7 7. Bg3 d6 8. a4
O-O 9. O-O Na5 10. Ba2 c5 11. c3 Qb6 12. Qc2 Be6 13. Nbd2 Rac8 14. Nc4 Nxc4 15.
Bxc4 Nh5 16. Qe2 Qd8 17. Nd2 Nxg3 18. hxg3 Qd7 19. Bxe6 Qxe6 20. Nc4 g6 21. Rae1
Bf6 22. f4 exf4 23. Qf3 Rcd8 24. gxf4 d5 25. Ne3 dxe4 26. dxe4 Qc6 27. Nd5 Kg7
28. g3 Rde8 29. Re2 Bd8 30. f5 gxf5 31. Qxf5 Qg6 32. Qf3 Bg5 33. e5 b6 34. c4
Kh7 35. Kg2 Kg7 36. b3 Kh7 37. Qc3 Kg8 38. Rf3 Qh5 39. Ref2 Qg4 40. Rf4 Qd1 41.
Re4 Re6 42. g4 Rg6 43. Rf1 Qd2+ 44. Qxd2 Bxd2 45. Ne7+ Kg7 46. Nxg6 Kxg6 47. e6
Bg5 48. e7 Re8 49. Rd1 Rxe7 50. Rd6+ Kg7 51. Rxe7 Bxe7 52. Rd7 Bg5 53. Rxa7 Bd2
54. Rd7 Ba5 55. Rd6 f6 56. Kf3 Kf7 57. Ke4 Kg6 58. Kf4 b5 59. Rc6 bxa4 60. bxa4 1-0

[Event "Riga Tech Open A 2018"]
[Site "Riga LAT"]
[Date "2018.08.10"]
[Round "7.20"]
[White "Chekletsov, Ilya"]
[Black "Thybo, Jesper Sondergaard"]
[Result "0-1"]
[WhiteTitle "IM"]
[BlackTitle "IM"]
[WhiteElo "2379"]
[BlackElo "2496"]
[WhiteFideId "24177156"]
[BlackFideId "1438832"]
[EventDate "2018.08.06"]

1. d4 Nf6 2. c4 e6 3. g3 d5 4. Bg2 Bb4+ 5. Nd2 O-O 6. Nf3 b6 7. O-O Bb7 8. Ne5
Nc6 9. Ndf3 Nxe5 10. Nxe5 Bd6 11. Bg5 h6 12. Bxf6 gxf6 13. Nd3 c6 14. Rc1 Re8
15. e4 dxe4 16. Qg4+ Kh8 17. Qxe4 Bf8 18. b4 Re7 19. Qe3 Rd7 20. b5 Rxd4 21.
bxc6 Bxc6 22. Bxc6 Rxd3 23. Qe2 Rc8 24. Rfd1 Rd6 25. Ba4 Rd4 26. Rxd4 Qxd4 27.
Bb3 Qe5 28. Qd2 Kg7 29. Re1 Rd8 30. Qc1 Qf5 31. Rd1 Bc5 32. Qb2 Rxd1+ 33. Bxd1
Kf8 34. Qd2 Ke7 35. Bc2 Qf3 36. Ba4 h5 37. Bd1 Bxf2+ 38. Kf1 Qh1+ 39. Kxf2 Qxh2+
40. Ke1 Qxg3+ 41. Kf1 h4 42. Qb4+ Qd6 43. a3 a5 44. Qxd6+ Kxd6 45. Bh5 Kc5 46.
Bxf7 e5 47. Be6 Kd4 48. Ke2 e4 49. a4 Ke5 50. Bh3 f5 51. Ke3 f4+ 52. Ke2 Kd4 53.
Be6 f3+ 54. Kf2 Ke5 55. Bh3 Kf4 56. Bf1 e3+ 57. Ke1 e2 0-1

[Event "Riga Tech Open A 2018"]
[Site "Riga LAT"]
[Date "2018.08.10"]
[Round "7.21"]
[White "Gorodetzky, David"]
[Black "Shishkov, Andrei"]
[Result "1/2-1/2"]
[WhiteTitle "IM"]
[BlackTitle "FM"]
[WhiteElo "2451"]
[BlackElo "2370"]
[WhiteFideId "2813416"]
[BlackFideId "4500563"]
[EventDate "2018.08.06"]

1. c4 e6 2. Nc3 d5 3. d4 a6 4. cxd5 exd5 5. Bf4 Nf6 6. e3 Bd6 7. Bg5 Be6 8. Bd3
Nbd7 9. Nf3 c6 10. Rc1 Qc7 11. Qc2 O-O 12. Bh4 Bg4 13. Bg3 Rfe8 14. a3 Bxf3 15.
gxf3 c5 16. dxc5 Nxc5 17. Ne2 Nxd3+ 18. Qxd3 Qd7 19. Nd4 Rac8 20. Kd2 Bc5 21.
Nb3 Bb6 22. Rxc8 1/2-1/2

[Event "Riga Tech Open A 2018"]
[Site "Riga LAT"]
[Date "2018.08.10"]
[Round "7.22"]
[White "Merry, Alan B"]
[Black "Pogosyan, Stefan"]
[Result "1-0"]
[WhiteTitle "IM"]
[BlackTitle "FM"]
[WhiteElo "2445"]
[BlackElo "2331"]
[WhiteFideId "418811"]
[BlackFideId "34159867"]
[EventDate "2018.08.06"]

1. e4 e5 2. Nf3 Nc6 3. Bb5 a6 4. Ba4 Nf6 5. O-O Be7 6. Bxc6 dxc6 7. d3 Nd7 8. b3
c5 9. Bb2 f6 10. Nc3 O-O 11. Nd5 Re8 12. Nh4 Nf8 13. f4 exf4 14. Rxf4 Ne6 15.
Rf2 Nd4 16. Qh5 Be6 17. Nxe7+ Qxe7 18. Raf1 Rad8 19. Kh1 b6 20. Nf3 Bf7 21. Qh4
Rd6 22. h3 Qd8 23. e5 Rd5 24. Nxd4 cxd4 25. exf6 gxf6 26. Rxf6 Bg6 27. Bc1 Rf5
28. R1xf5 Bxf5 29. Bh6 Bg6 30. Qg5 Qd7 31. Rxg6+ hxg6 32. Qxg6+ Kh8 33. Bg7+ Kg8
34. Bxd4+ Kf8 35. Qh6+ Kg8 36. Qh8+ Kf7 37. Qg7+ Ke6 38. Qf6+ Kd5 39. c4# 1-0

[Event "Riga Tech Open A 2018"]
[Site "Riga LAT"]
[Date "2018.08.10"]
[Round "7.23"]
[White "Dedebas, Emre Emin"]
[Black "Garriga Cazorla, Pere"]
[Result "0-1"]
[WhiteTitle "FM"]
[BlackTitle "IM"]
[WhiteElo "2353"]
[BlackElo "2444"]
[WhiteFideId "6349005"]
[BlackFideId "32011601"]
[EventDate "2018.08.06"]

1. d4 Nf6 2. Nf3 e6 3. c4 Bb4+ 4. Bd2 a5 5. g3 d5 6. Qc2 O-O 7. Bg2 b6 8. O-O
Bb7 9. Bf4 Bd6 10. Bxd6 cxd6 11. cxd5 Nxd5 12. Nc3 Nxc3 13. Qxc3 b5 14. Nd2 Bxg2
15. Kxg2 Ra6 16. Rac1 Nc6 17. Nf3 Qa8 18. Kg1 Qb7 19. Qd3 h6 20. a3 Ne7 21. Rc2
Rc6 22. Rfc1 Rfc8 23. Rxc6 Rxc6 24. Rxc6 Qxc6 25. Qd2 a4 26. Ne1 Nd5 27. Qc2 Qb7
28. Ng2 Qb6 29. e3 Qb7 30. f3 Nb6 31. e4 Nc4 32. Qc3 e5 33. Ne3 Nxe3 34. Qxe3
Qa7 35. Kf2 exd4 36. Qd3 Qc5 37. Ke2 Kf8 38. Kd2 Ke7 39. f4 g6 40. Qf3 Qc7 41.
h4 Qc6 42. f5 Qc4 43. Qf4 d3 44. fxg6 fxg6 45. Ke1 Qc2 46. Qe3 Qb1+ 0-1

[Event "Riga Tech Open A 2018"]
[Site "Riga LAT"]
[Date "2018.08.10"]
[Round "7.24"]
[White "Kjartansson, Gudmundur"]
[Black "Solozhenkina, Elizaveta"]
[Result "1-0"]
[WhiteTitle "IM"]
[BlackTitle "WIM"]
[WhiteElo "2434"]
[BlackElo "2294"]
[WhiteFideId "2301318"]
[BlackFideId "34106615"]
[EventDate "2018.08.06"]

1. e4 c5 2. Nf3 d6 3. d4 cxd4 4. Nxd4 Nf6 5. Nc3 a6 6. h3 e5 7. Nb3 Be7 8. Be3
Be6 9. f4 exf4 10. Bxf4 Nc6 11. Qe2 Ne5 12. O-O-O Qc7 13. g4 h5 14. g5 Nfd7 15.
Nd5 Bxd5 16. Rxd5 h4 17. Qf2 O-O-O 18. Be2 Kb8 19. Kb1 Rc8 20. Rc1 Nb6 21. Rd4
Nbc4 22. Nd2 Nxd2+ 23. Rxd2 f6 24. Bxe5 fxe5 25. Qg2 g6 26. Rcd1 Rcf8 27. Rd3
Rf4 28. Rc3 Qb6 29. Rb3 Qc6 30. Bf3 Rhf8 31. Rdd3 Bd8 32. a3 Ba5 33. Qg1 Ka8 34.
Qd1 Rd8 35. Rd5 Bb6 36. Qd3 Bd4 37. Bg4 Rff8 38. Be6 Rde8 39. Rxd4 Rxe6 40. Rc4
Qd7 41. Qd5 Rb8 42. Rb6 Ka7 43. Rcb4 Re7 44. Rb3 Rf7 45. Rxd6 Qc7 46. Rc3 Qe7
47. Rxg6 Rg7 48. Rxg7 Qxg7 49. Qd2 Rg8 50. Qf2+ Kb8 51. Qxh4 Qxg5 52. Qxg5 Rxg5
53. Ka2 Rg2 54. Rc5 Rg5 55. Kb3 b6 56. Rc6 Kb7 57. Re6 b5 58. Kb4 Rh5 59. Kc5
Rxh3 60. Re7+ Kb8 61. Rxe5 Rh2 62. Kb6 Rh6+ 63. Ka5 Rc6 64. c3 Kb7 65. Re7+ Kb8
66. e5 Ka8 67. Rf7 1-0

[Event "Riga Tech Open A 2018"]
[Site "Riga LAT"]
[Date "2018.08.10"]
[Round "7.26"]
[White "Korchmar, Vasiliy"]
[Black "Bashkansky, Naomi"]
[Result "0-1"]
[WhiteTitle "IM"]
[BlackTitle "WIM"]
[WhiteElo "2415"]
[BlackElo "1941"]
[WhiteFideId "24131750"]
[BlackFideId "2072289"]
[EventDate "2018.08.06"]

1. d4 d5 2. c4 dxc4 3. e3 Nf6 4. Bxc4 e6 5. Nf3 c5 6. O-O a6 7. Bb3 b6 8. Nc3
Bb7 9. Qe2 Nbd7 10. Rd1 Qc7 11. d5 exd5 12. Nxd5 Nxd5 13. Bxd5 Bxd5 14. Rxd5 Be7
15. b3 Bf6 16. Bb2 O-O 17. Rad1 Rfd8 18. Rd6 Be7 19. R6d2 Bf6 20. Bxf6 Nxf6 21.
Qxa6 h6 22. Qc4 Rxd2 23. Rxd2 Rb8 24. a4 Rd8 25. Rd3 Rd6 26. h3 Qd8 27. Ne5 Rxd3
28. Qxd3 Qe8 29. f4 Qe6 30. Nc4 Nd5 31. f5 Qc6 32. e4 Nf6 33. e5 Nd5 34. Qe4 Qd7
35. Nd6 Qc6 36. Nc4 Qd7 37. e6 fxe6 38. fxe6 Qd8 39. Qf5 Nf6 40. Kh2 h5 41. Qe5
Kf8 42. Ne3 Qd4 43. Qc7 Kg8 44. Nf5 Ng4+ 45. hxg4 Qxg4 46. Qe5 Kh7 47. e7 c4 48.
bxc4 b5 49. axb5 h4 50. Qxg7+ 0-1

[Event "Riga Tech Open A 2018"]
[Site "Riga LAT"]
[Date "2018.08.10"]
[Round "7.28"]
[White "Jacobs, Florian"]
[Black "Bernotas, Arturs"]
[Result "0-1"]
[BlackTitle "FM"]
[WhiteElo "2255"]
[BlackElo "2406"]
[WhiteFideId "1018329"]
[BlackFideId "11601426"]
[EventDate "2018.08.06"]

1. d4 Nf6 2. c4 e6 3. Nc3 Bb4 4. e3 O-O 5. Bd3 d5 6. cxd5 exd5 7. Ne2 Re8 8. Bd2
b6 9. O-O Bb7 10. Rc1 a6 11. f3 c5 12. Qe1 Nc6 13. Qh4 Ne7 14. a3 Ba5 15. Nf4
Ng6 16. Nxg6 hxg6 17. Kh1 Rc8 18. g4 cxd4 19. exd4 b5 20. g5 Ne4 21. Qf4 Bc7 0-1

[Event "Riga Tech Open A 2018"]
[Site "Riga LAT"]
[Date "2018.08.10"]
[Round "7.31"]
[White "Gorodetzky, Matan"]
[Black "Martin, Julian"]
[Result "0-1"]
[BlackTitle "IM"]
[WhiteElo "2231"]
[BlackElo "2392"]
[WhiteFideId "2813394"]
[BlackFideId "12941000"]
[EventDate "2018.08.06"]

1. d4 Nf6 2. Nf3 e6 3. e3 d5 4. a3 Bd6 5. c4 dxc4 6. Bxc4 O-O 7. O-O Nc6 8. Nc3
e5 9. d5 Ne7 10. e4 a6 11. Be2 h6 12. Ne1 c6 13. dxc6 Nxc6 14. Nc2 Be6 15. Ne3
b5 16. Ned5 Nd4 17. Bd3 Bc5 18. Nxf6+ Qxf6 19. Be3 Rad8 20. Qh5 Bb3 21. Rac1
Nf3+ 22. Qxf3 Qxf3 23. gxf3 Bxe3 24. fxe3 Rxd3 25. Rfe1 Rfd8 26. Nb1 Bc4 27. Kf2
Kf8 28. Rc2 Ke7 29. Rec1 Ke6 30. a4 R8d6 31. Rc3 Rxc3 32. Rxc3 Ba2 33. Rc1 bxa4
34. Nc3 Bb3 35. Ra1 Rd2+ 36. Kg3 Rxb2 37. Nxa4 Rc2 38. Ra3 Bc4 39. Nc5+ Kd6 40.
Nxa6 Rb2 41. Ra4 Bf1 42. Ra1 Be2 43. Ra4 Bf1 44. Ra1 Be2 45. Ra4 Kc6 46. Ra3 Kb6
47. Nb8 Bb5 48. Rc3 Kb7 49. Rc5 Kxb8 50. Rxe5 Bc6 51. Rf5 Rb7 52. Re5 Kc7 53.
Rc5 Rb3 54. Rf5 f6 55. e5 fxe5 56. Rxe5 Kd6 57. f4 Rb5 0-1

[Event "Riga Tech Open A 2018"]
[Site "Riga LAT"]
[Date "2018.08.10"]
[Round "7.33"]
[White "Borisovsky, Dmitry"]
[Black "Bluebaum, Matthias"]
[Result "0-1"]
[WhiteTitle "FM"]
[BlackTitle "GM"]
[WhiteElo "2297"]
[BlackElo "2637"]
[WhiteFideId "34109410"]
[BlackFideId "24651516"]
[EventDate "2018.08.06"]

1. e4 e6 2. d4 d5 3. Nc3 Nf6 4. e5 Nfd7 5. f4 c5 6. Nf3 Nc6 7. Be3 Be7 8. Qd2 a6
9. dxc5 Nxc5 10. O-O-O Qa5 11. Kb1 b5 12. Nd4 Nxd4 13. Bxd4 b4 14. Ne2 Rb8 15.
Nc1 Qc7 16. g4 a5 17. Bg2 O-O 18. Qf2 Ba6 19. f5 Rfc8 20. Rhe1 a4 21. f6 Bf8 22.
b3 a3 23. Re3 Rb6 24. fxg7 Bxg7 25. g5 Rc6 26. Rd2 Nd7 27. Rh3 Nf8 28. Re3 Ng6
29. h4 Nxe5 30. Bh3 Ng4 31. Bxg4 Bxd4 0-1

[Event "Riga Tech Open A 2018"]
[Site "Riga LAT"]
[Date "2018.08.10"]
[Round "7.34"]
[White "Vaishali, R"]
[Black "Kulaots, Kaido"]
[Result "1/2-1/2"]
[WhiteTitle "WIM"]
[BlackTitle "GM"]
[WhiteElo "2294"]
[BlackElo "2554"]
[WhiteFideId "5091756"]
[BlackFideId "4500261"]
[EventDate "2018.08.06"]

1. e4 c5 2. Nf3 d6 3. Bb5+ Nd7 4. c3 Nf6 5. Qe2 a6 6. Ba4 e6 7. O-O Be7 8. d4
cxd4 9. cxd4 b5 10. Bc2 Bb7 11. a4 O-O 12. Nbd2 bxa4 13. Rxa4 a5 14. b3 Nb8 15.
Bd3 Nc6 16. Ba3 d5 17. e5 Nd7 18. Bxe7 Qxe7 19. h4 h6 20. Rc1 Rfc8 21. Raa1 Qd8
22. Nf1 Qb6 23. Qe3 Nb4 24. Ng3 Ba6 25. Bxa6 Qxa6 26. Rxc8+ Rxc8 27. Rc1 Nf8 28.
Ne1 Ng6 29. h5 Ne7 30. Rxc8+ Qxc8 31. Nd3 Nc2 32. Qd2 Nxd4 33. Qxa5 Nxb3 34. Qb4
Nc1 35. Nc5 Qc7 36. Qa3 Na2 37. Kh2 Nc8 38. f4 Qa7 39. Qxa7 Nxa7 40. f5 d4 41.
fxe6 fxe6 42. Nxe6 d3 43. Ne4 Nc6 44. N6c5 Nxe5 45. Kg3 Nb4 46. Nd2 Nd5 47. Nf3
Nxf3 48. Kxf3 d2 49. Ke2 Ne3 50. Kxd2 Nxg2 51. Nd3 Kf7 52. Ke2 Kf6 53. Kf3 Nh4+
54. Kf4 Nf5 55. Ne5 Nd6 56. Ng4+ Ke6 57. Ne3 Ne8 58. Nf5 Kf7 59. Ng3 Nf6 60. Kf5
Nd5 61. Ke5 Ne7 62. Ne4 Nc6+ 63. Kf5 Ke7 64. Kg6 Kf8 65. Kf5 Kf7 1/2-1/2

[Event "Riga Tech Open A 2018"]
[Site "Riga LAT"]
[Date "2018.08.10"]
[Round "7.36"]
[White "Pavlov, Sergey2"]
[Black "Tanriverdi, Enes"]
[Result "1-0"]
[WhiteTitle "IM"]
[BlackTitle "FM"]
[WhiteElo "2496"]
[BlackElo "2276"]
[WhiteFideId "14114330"]
[BlackFideId "34543279"]
[EventDate "2018.08.06"]

1. Nf3 Nf6 2. g3 g6 3. b3 Bg7 4. Bb2 d5 5. c4 c6 6. Bg2 O-O 7. O-O a5 8. d3 Re8
9. Qc2 Bg4 10. Ne5 Be6 11. Nd2 Nbd7 12. Ndf3 Nxe5 13. Bxe5 a4 14. Nd4 Qd7 15.
cxd5 Bxd5 16. e4 Be6 17. bxa4 Bh3 18. Nf3 Ra5 19. Rab1 Bxg2 20. Kxg2 Rea8 21.
Qb3 Rxa4 22. Qxb7 Qxd3 23. Rfd1 Qxe4 24. Rd4 R4a7 25. Qxa7 Rxa7 26. Rb8+ Bf8 27.
Bxf6 Qd5 28. Rxd5 cxd5 29. Bd4 Rxa2 30. Ne5 1-0